| 000 | 00670pam a2200241 a 4500 | ||
|---|---|---|---|
| 999 |
_c8137 _d8137 |
||
| 001 | 8137 | ||
| 003 | BD - JhCC | ||
| 005 | 20180218200739.0 | ||
| 008 | 121102s2013 enk 000 1 eng d | ||
| 020 |
_a9781408840481 (pbk.) : _c£7.99 |
||
| 035 | _a(BD - JhCC)8137 | ||
| 040 |
_aStDuBDS _cStDuBDS _dUk _dBD - JhCC |
||
| 041 | _aeng | ||
| 082 | 0 | 4 |
_a823.914 _223 _bGOR 2013 |
| 100 | 1 | _aGordimer, Nadine. | |
| 245 | 1 | 2 |
_aA sport of nature / _cNadine Gordimer. |
| 260 |
_aLondon : _bBloomsbury, _c2013. |
||
| 300 |
_a432 pages ; _c20 cm |
||
| 500 |
_aFormerly CIP. _5Uk |
||
| 651 | 0 |
_aSouth Africa _xSocial conditions _vFiction. |
|
| 942 |
_2ddc _cBK |
||